Szczegóły MARC21

Oddziaływanie telekomunikacji i poczty na rozwój nowej gospodarki w Polsce /

003 -Nazwa inst., której nr kontr. jest w polu 001 [,]
    • @
    • Nazwa instytucji, której n kontrolny jest w polu 001
    • NUKAT
005 -DATA I CZAS OSTATNIEJ MODYFIKACJI [,]
    • @
    • pole kontrolne
    • 20241231103213.0
020 -Międzynarod. znormalizowany nr książki - ISBN [ , ]
    • a
    • Numer ISBN
    • 8389260042 Find
040 -Instytucja sporządzająca opis [ , ]
    • a
    • Instytucja, która sporządziła opis (NP)
    • POZN U/AC
    • c
    • Instytucja, która sporządziła rekord (NP)
    • POZN U/AC
    • d
    • Instytucja, która zmodyfikowała rekord (P)
    • POZN U/HC
    • d
    • Instytucja, która zmodyfikowała rekord (P)
    • POZN U/HAs
041 -Język dokumentu [0, ]
    • a
    • Język tekstu (P)
    • polski
    • a
    • Język tekstu (P)
    • angielski
942 -Rodzaj dokumentu [ , ]
    • c
    • Rodzaj dokumentu
    • Książka
245 -Strefa tytułu i oznaczenia odpowiedzialności [0,0]
    • a
    • Tytuł
    • Oddziaływanie telekomunikacji i poczty na rozwój nowej gospodarki w Polsce / Find
    • c
    • Pozostałe elementy strefy tytułu i oznaczenia odpowiedzialności (NP)
    • [red. nauk. Henryk Babis] ; Uniwersytet Szczeciński. Wydział Zarządzania i Ekonomiki Usług. Katedra Ekonomiki i Organizacji Telekomunikacji. Katedra Polityki Gospodarczej Łączności.
260 -Strefa adresu wydawniczego [ , ]
    • a
    • Miejsce wydania (P)
    • Szczecin :
    • b
    • Nazwa wydawcy (P)
    • P.P.H. Zapol Dmochowski, Sobczyk,
    • c
    • Data wydania (P)
    • 2004.
300 -Strefa opisu fizycznego [ , ]
    • a
    • Określenie formy książki i/lub objętość (NP)
    • 400 s. :
    • b
    • Oznaczenie ilustracji (NP)
    • il., wykr. ;
    • c
    • Format (NP)
    • 24 cm.
336 -Typ zawartości [ , ]
    • a
    • Termin opisujący typ zawartości
    • Tekst
    • b
    • Kod określający zawartość
    • txt
    • 2
    • Źródło (terminu i kodu)
    • rdacontent
337 -Typ mediów [ , ]
    • a
    • Tryb odtwarzania
    • Bez urządzenia pośredniczącego
    • b
    • Kod typu mediów
    • n
    • 2
    • Źródło (terminu i kodu)
    • rdamedia
338 -Typ/rodzaj nośnika [ , ]
    • a
    • Hasło opisujące typ nośnika
    • Wolumin
    • b
    • Kod typu nośnika
    • nc
    • 2
    • Źródło (terminu i kodu)
    • rdacarrier
504 -Uwaga dot. bibliogr. załącznikowej [ , ]
    • a
    • Uwaga dot. bibliografii załącznikowej
    • Bibliogr. przy niektórych pracach.
546 -Uwaga dot. języka [ , ]
    • a
    • Uwaga dot. języka
    • Tekst częśc. ang.
080 -Uniwersalna Klasyfikacja Dziesiętna [ , ]
    • a
    • Symbol klasyfikacji
    • 338.47::656.8
    • 9
    • UKD
    • 3263
    • 2
    • Identyfikator wydania tablic
    • UDC-P058
    • b
    • Dopowiedzenie
    • Gospodarcze aspekty poczty. Ekonomika poczty.
080 -Uniwersalna Klasyfikacja Dziesiętna [ , ]
    • a
    • Symbol klasyfikacji
    • :656.96
080 -Uniwersalna Klasyfikacja Dziesiętna [ , ]
    • a
    • Symbol klasyfikacji
    • :004.6/.7
080 -Uniwersalna Klasyfikacja Dziesiętna [ , ]
    • a
    • Symbol klasyfikacji
    • :004.056.5
650 -Hasło przedmiotowe [ ,7]
    • a
    • Hasło przedmiotowe
    • Poczta
    • x
    • Określnik rzeczowy
    • aspekt ekonomiczny
    • z
    • Określnik geograficzny
    • Polska
    • y
    • Określnik chronologiczny
    • 1990-.
    • 2
    • Źródło terminu
    • kaba
    • 9
    • KHW
    • 365042
650 -Hasło przedmiotowe [ ,7]
    • a
    • Hasło przedmiotowe
    • Telekomunikacja
    • x
    • Określnik rzeczowy
    • aspekt ekonomiczny
    • z
    • Określnik geograficzny
    • Polska
    • y
    • Określnik chronologiczny
    • 1990-.
    • 2
    • Źródło terminu
    • kaba
    • 9
    • KHW
    • 374087
650 -Hasło przedmiotowe [ ,7]
    • a
    • Hasło przedmiotowe
    • Społeczeństwo informacyjne
    • x
    • Określnik rzeczowy
    • aspekt ekonomiczny.
    • 2
    • Źródło terminu
    • kaba
    • 9
    • KHW
    • 372311
980 -Symbol UKD [ , ]
    • a
    • UKD
    • 338.47::656.8:656.96:004.6/.7:004.056.5
700 -Hasło dodatkowe - nazwa osobowa [1, ]
    • a
    • Nazwa osobowa (NP)
    • Babis, Henryk. Find
    • e
    • Określenie rodzaju współpracy
    • Red.
    • 9
    • KHW
    • 79
710 -Hasło dodatkowe - nazwa ciała zbiorowego [2, ]
    • a
    • Nazwa ciała zbiorowego lub nazwa geograficzna jako pierwszy element (NP)
    • Przedsiębiorstwo Produkcyjno-Handlowe ZAPOL Dmochowski, Sobczyk.
    • 4
    • Kod relacji
    • pbl
    • 9
    • KHW
    • 54289
920 -ISBN [ , ]
    • a
    • ISBN
    • 83-89260-04-2 Find
Data inwentaryzacji Lokalizacja Sygnatura Numer inwentarzowy Status udost.
2005-04-26TTM.3244TM.3244-6
2005-04-26TT.8577T.8577-2
2006-01-04TTM.3700TM.3700-6
2006-01-04TTM.3701TM.3701-6
2006-01-04TTM.3702TM.3702-2
2006-01-04TTM.3703TM.3703-11
2009-02-24TTM.6405TM.6405-6